00537nam a2200145 a 450000500170000000800410001702000180005805000220007610000210009824501020011926000320022130000220025350000650027565000510034020140310183356.0130326s19uu xx 00 eng d a9781441123244 aPN 441b.W65 2010 aWolfreys, Julian aLiterature, in theory :btropes, subjectivities, responses & responsibilities /cJulian Wolfreys. aLondon :bContinuum,c2010. a306 p. :c23 cm.  aIncludes bibliographical references (p. [285]-299) and index aLiteraturexHistory and criticismxTheory, etc